000 00318nam a2200121Ia 4500
008 190216s9999||||xx |||||||||||||| ||und||
100 _aEdgar Allan Poe
245 4 _aThe Selected Poetry And Prose Of Edgar Allan Poe
260 _bThe Modern Library
_c1951
300 _a427p
650 _aEnglish Poetry
942 _cBK
999 _c12381
_d12381